| 000 | 00358nam a2200145Ia 4500 | ||
|---|---|---|---|
| 008 | 230312s9999||||xx |||||||||||||| ||und|| | ||
| 020 | _a0-521-82332-3 | ||
| 082 |
_a515.24 _bPAU-A |
||
| 100 | _aCarroll;Matt | ||
| 245 | 0 | _aProfessional Microsoft SQL Server | |
| 260 |
_bCambridge _aUSA _c2003 |
||
| 300 | _a571 | ||
| 650 |
_aComputer _vComputer |
||
| 942 | _cBK | ||
| 999 |
_c15210 _d15210 |
||